| 000 | 00514nam a2200169 i 4500 | ||
|---|---|---|---|
| 001 | bg | ||
| 100 | 1 | _aGODLEWSKI, Michał | |
| 245 | 0 |
_aKształcenie robotników i techników w Polsce i krajach sąsiednich / _cMichał Godlewski. |
|
| 260 |
_a[Warszawa] : _bPaństw. Wydawn. Szkoln. Zaw., _c[1968]. |
||
| 300 |
_as. 173, nlb. 2 : _brys., tab. |
||
| 504 | _a[Zawiera bibliogr. s. 170-172]. | ||
| 040 | _cBPK | ||
| 041 | _apol | ||
| 080 | _a377:331.86 | ||
| 942 | _cKS | ||
| 008 | s pl f |000 0 pol | ||
| 999 |
_c16292 _d16292 |
||
| 856 |
_uhttp://koha.tu.koszalin.pl/cgi-bin/koha/opac-detail.pl?biblionumber=16292 _yKatalog online BPK |
||